| Поле | Инд. | ПП | Название | Значение |
|---|---|---|---|---|
| Тип записи | a | |||
| Библиографический уровень | a | |||
| 001 | _ | Контрольный номер | RU/REP/BASE/00010405 | |
| 005 | _ | Дата корректировки | 20181104132000.7 | |
| 200 | a | Заглавие | Уголовно-правовая оценка контрабанды культурных ценностей в законодательстве Российской Федерации | |
| f | Первые сведения об ответственности | Розумань И.В. | ||
| b | Общее обозначение материала | Текст | ||
| 210 | d | Дата издания | 2015 | |
| 461 | _0 | 1 | 001RU/REP/BASE/00010629 | |
| 1 | 2001 | |||
| a | Закон и право | |||
| 463 | 1 | 20002 | ||
| a | №6. | |||
| v | С. 108-11 | |||
| 1 | 210 | |||
| d | 2015 | |||
| 610 | a | Ключевые слова | УГОЛОВНОЕ ПРАВО РФ, КВАЛИФИКАЦИЯ ПРЕСТУПЛЕНИЯ, КОНТРАБАНДА, КУЛЬТУРНЫЕ ЦЕННОСТИ | |
| 700 | _1 | a | Фамилия | Розумань |
| b | Имя | И.В. | ||
| 901 | t | Тип документа | b | |
| w | Контрольный № источника | 7263449b07094accbe77c8ab0a387da6 |